[Event "Liffre op"]
[Site "Liffre"]
[Date "2019.10.20"]
[Round "3"]
[White "Nikolov, Momchil"]
[Black "Vidal, Llewellyn"]
[Result "1-0"]
[WhiteElo "2557"]
[BlackElo "2319"]
[PlyCount "63"]
[EventDate "2019.10.19"]
[EventType "swiss"]
[EventRounds "9"]
[EventCountry "FRA"]
[SourceTitle "CBM 192 Extra"]
[Source "Chessbase"]
[SourceDate "2019.11.06"]
[SourceVersion "1"]
[SourceVersionDate "2019.11.06"]
[SourceQuality "1"]

1. d4 d5 2. c4 e6 3. Nc3 Bb4 4. Qa4+ Nc6 5. e3 dxc4 6. Bxc4 Qg5 7. g3 Nf6 8. Nf3 Qf5 9. Ne5 Ne4 10. 0-0 Bxc3 11. bxc3 f6 12. Nxc6 Bd7 13. Qb3 bxc6 14. f3 Ng5 15. e4 Nxf3+ 16. Kg2 Nh4+ 17. gxh4 Qg4+ 18. Kf2 Qxe4 19. Qd1 Qxh4+ 20. Kg1 0-0 21. Qf3 c5 22. Ba3 cxd4 23. Bxf8 Rxf8 24. Qf4 Qh3 25. Rf3 Qh5 26. cxd4 g5 27. Qe4 Kg7 28. Raf1 f5 29. Qe5+ Rf6 30. Rg3 h6 31. Qxc7 Rf7 32. Qe5+ 1-0

[Event "Sables d'Olonne op 6th"]
[Site "Sables d'Olonne"]
[Date "2019.07.15"]
[Round "3"]
[White "Bujisho, Benjamin"]
[Black "Vidal, Llewellyn"]
[Result "1-0"]
[WhiteElo "2326"]
[BlackElo "2336"]
[PlyCount "55"]
[EventDate "2019.07.13"]
[EventType "swiss"]
[EventRounds "9"]
[EventCountry "FRA"]
[SourceTitle "EXT 2020"]
[Source "ChessBase"]
[SourceDate "2019.10.17"]
[SourceVersion "1"]
[SourceVersionDate "2019.10.17"]
[SourceQuality "1"]

1. e4 c5 2. Nc3 Nc6 3. g3 g6 4. Bg2 Bg7 5. d3 d6 6. Be3 e5 7. Qd2 Be6 8. f4 Nge7 9. Nf3 Nd4 10. 0-0 h6 11. fxe5 dxe5 12. a3 Rc8 13. Rf2 Kf8 14. Raf1 Kg8 15. h4 Kh7 16. Kh2 Qd7 17. Ng1 Rhf8 18. Bh3 f5 19. h5 gxh5 20. exf5 Nexf5 21. Ne4 h4 22. gxh4 Nxe3 23. Qxe3 Bxh3 24. Nxh3 Nxc2 25. Neg5+ hxg5 26. Nxg5+ Kg8 27. Qe4 Bf6 28. Rxf6 1-0

[Event "Rochefort op 18th Op A"]
[Site "Rochefort"]
[Date "2019.02.16"]
[Round "8.10"]
[White "Colin, Vincent"]
[Black "Vidal, Llewellyn"]
[Result "1-0"]
[WhiteElo "2382"]
[BlackElo "2280"]
[PlyCount "79"]
[EventDate "2019.02.16"]
[EventType "swiss"]
[EventRounds "9"]
[EventCountry "FRA"]
[SourceTitle "CBM 189 Extra"]
[Source "ChessBase"]
[SourceDate "2019.06.03"]
[SourceVersion "1"]
[SourceVersionDate "2019.06.03"]
[SourceQuality "1"]

1. e4 c6 2. c4 d5 3. exd5 cxd5 4. cxd5 Nf6 5. Nc3 Nbd7 6. Bc4 Nb6 7. Bb3 Nbxd5 8. Nf3 e6 9. 0-0 Be7 10. d4 0-0 11. Ne5 a6 12. Qd3 Qd6 13. Rd1 b5 14. Bg5 Bb7 15. Qh3 Nxc3 16. bxc3 Rac8 17. Rd3 Nd5 18. Bd2 f6 19. Ng4 f5 20. Ne5 Bf6 21. Re1 Bxe5 22. Rxe5 Rf6 23. Qh5 h6 24. Rg3 f4 25. Rg6 Kh8 26. Rxf6 Nxf6 27. Qg6 Qa3 28. h3 Qb2 29. Bxf4 Be4 30. Qf7 Rxc3 31. Qxe6 Qb1+ 32. Kh2 Kh7 33. f3 Bg6 34. Rc5 Rxc5 35. dxc5 Bf5 36. Qxa6 Qd3 37. Qd6 Qf1 38. Be6 Bxe6 39. Qxe6 Qd3 40. c6 1-0

[Event "Sautron op 18th"]
[Site "Sautron "]
[Date "2018.10.20"]
[Round "4.10"]
[White "Vidal, Llewellyn"]
[Black "Devallee, Jeremie"]
[Result "1-0"]
[WhiteElo "2298"]
[BlackElo "2230"]
[PlyCount "121"]
[EventDate "2018.10.20"]
[EventType "swiss"]
[EventRounds "9"]
[EventCountry "FRA"]
[SourceTitle "EXT 2021"]
[Source "ChessBase"]
[SourceDate "2020.10.23"]
[SourceVersion "1"]
[SourceVersionDate "2020.10.23"]
[SourceQuality "1"]

1. c4 e5 2. Nc3 Nf6 3. Nf3 Nc6 4. e4 Bc5 5. Nxe5 Nxe5 6. d4 Bb4 7. dxe5 Nxe4 8. Qf3 Nxc3 9. bxc3 Be7 10. Qg3 g6 11. h4 d6 12. Bf4 dxe5 13. Rd1 Bd6 14. Bg5 f6 15. c5 fxg5 16. cxd6 cxd6 17. Bb5+ Kf7 18. Bc4+ Ke8 19. hxg5 Qe7 20. 0-0 Be6 21. Bxe6 Qxe6 22. f4 Rf8 23. fxe5 dxe5 24. Qh4 Rxf1+ 25. Rxf1 Rd8 26. Qxh7 Rd2 27. Rf6 Qxa2 28. Qxg6+ Kd8 29. Rf8+ Kc7 30. Qh7+ Kb6 31. Rf6+ Kb5 32. Qxb7+ Kc4 33. Qb4+ Kd3 34. Rf3+ Kc2 35. g6 Qd5 36. Qg4 e4 37. Qf5 Qxf5 38. Rxf5 Rd6 39. g7 Rg6 40. Rf7 Kxc3 41. Rxa7 Kd2 42. Kf2 Rg4 43. Ra2+ Kd1 44. Re2 Rxg7 45. Rxe4 Rf7+ 46. Ke3 Kc2 47. g4 Rf1 48. Rc4+ Kd1 49. Rf4 Re1+ 50. Kf3 Kd2 51. Rd4+ Kc3 52. Rd8 Kc4 53. Kf4 Kc5 54. g5 Rf1+ 55. Ke5 Re1+ 56. Kf6 Rf1+ 57. Kg7 Rg1 58. g6 Rf1 59. Rf8 Ra1 60. Rd8 Rf1 61. Kg8 1-0

[Event "Andorra op 36th"]
[Site "Escaldes"]
[Date "2018.07.28"]
[Round "8"]
[White "Vidal, Llewellyn"]
[Black "Narciso Dublan, Marc"]
[Result "1-0"]
[WhiteElo "2221"]
[BlackElo "2466"]
[PlyCount "57"]
[EventDate "2018.07.21"]
[EventType "swiss"]
[EventRounds "9"]
[EventCountry "AND"]
[SourceTitle "CBM 185 Extra"]
[Source "ChessBase"]
[SourceDate "2018.07.29"]
[SourceVersion "1"]
[SourceVersionDate "2018.07.29"]
[SourceQuality "1"]

1. c4 Nf6 2. Nc3 e6 3. e4 d5 4. cxd5 exd5 5. e5 Ne4 6. Nf3 c6 7. d4 Bb4 8. Bd2 Bxc3 9. bxc3 Bg4 10. Be2 Nd7 11. 0-0 0-0 12. h3 Bh5 13. Qc2 c5 14. Bd3 Bg6 15. c4 Nxd2 16. Qxd2 dxc4 17. Bxg6 fxg6 18. Qe2 b5 19. d5 Rxf3 20. Qxf3 Nxe5 21. Qe4 Nd3 22. a4 a6 23. axb5 axb5 24. d6 Rb8 25. Qd5+ Kh8 26. Ra7 h5 27. Re7 Qf8 28. Qe4 Kh7 29. d7 1-0

[Event "FRA-ch rapid"]
[Site "Orsay"]
[Date "2018.05.10"]
[Round "3"]
[White "Kovalenko, Igor"]
[Black "Vidal, Llewellyn"]
[Result "1-0"]
[WhiteElo "2626"]
[BlackElo "2221"]
[PlyCount "81"]
[EventDate "2018.05.10"]
[EventType "swiss (rapid)"]
[EventRounds "13"]
[EventCountry "FRA"]
[SourceTitle "CBM 184 Extra"]
[Source "ChessBase"]
[SourceDate "2018.06.28"]
[SourceVersion "1"]
[SourceVersionDate "2018.06.28"]
[SourceQuality "1"]

1. d4 d5 2. Nf3 Nf6 3. Bg5 Ne4 4. h4 h6 5. Bf4 Bf5 6. e3 e6 7. Bd3 c5 8. c3 Nc6 9. Ne5 Qb6 10. b3 cxd4 11. exd4 Nxc3 12. Nxc3 Qxd4 13. Ne2 Bb4+ 14. Kf1 Bxd3 15. Nxd3 Qf6 16. Nxb4 Nxb4 17. Qd4 Qxd4 18. Nxd4 Ke7 19. Ke2 f6 20. Rhc1 Rhc8 21. Bd2 Nc6 22. Nxc6+ bxc6 23. Rc5 Rab8 24. Rac1 Kd7 25. h5 Rb6 26. Ra5 Rb7 27. Be3 Rcc7 28. Bc5 e5 29. f4 Ke6 30. g4 exf4 31. Kf3 Rb5 32. Re1+ Kf7 33. Rxb5 cxb5 34. b4 a5 35. a3 axb4 36. axb4 g5 37. hxg6+ Kxg6 38. Kxf4 Rc6 39. Rd1 Ra6 40. Rxd5 Ra1 41. Bf2 1-0

[Event "FRA-ch Accession"]
[Site "Agen"]
[Date "2017.08.19"]
[Round "3"]
[White "Vidal, Llewellyn"]
[Black "Boyer, Mahel"]
[Result "1-0"]
[WhiteElo "2247"]
[BlackElo "2207"]
[PlyCount "63"]
[EventDate "2017.08.19"]
[EventType "swiss"]
[EventRounds "9"]
[EventCountry "FRA"]
[SourceTitle "EXT 2019"]
[Source "ChessBase"]
[SourceDate "2018.10.10"]
[SourceVersion "1"]
[SourceVersionDate "2018.10.10"]
[SourceQuality "1"]

1. c4 e6 2. Nf3 d5 3. g3 Nf6 4. Bg2 Be7 5. 0-0 0-0 6. d4 c6 7. Qc2 b6 8. Nbd2 Bb7 9. e4 Na6 10. a3 c5 11. exd5 exd5 12. dxc5 Nxc5 13. b4 Ne6 14. Ne5 Nd4 15. Qb2 dxc4 16. Bxb7 c3 17. Qa2 Ne2+ 18. Kg2 Nxc1 19. Raxc1 cxd2 20. Rcd1 Qb8 21. Bxa8 Qxa8+ 22. f3 Nd5 23. Qxd2 Rd8 24. Rfe1 Bf6 25. Rc1 h6 26. h4 a5 27. Nc6 Rd6 28. Ne7+ Bxe7 29. Rxe7 Qd8 30. Re2 Nxb4 31. Qe1 Qd7 32. axb4 1-0

[Event "Barcelona Sants op 17th"]
[Site "Barcelona"]
[Date "2015.08.30"]
[Round "10"]
[White "Mateus Urbano, Luis Alejandro"]
[Black "Vidal, Llewellyn"]
[Result "1-0"]
[WhiteElo "2283"]
[BlackElo "2117"]
[PlyCount "65"]
[EventDate "2015.08.21"]
[EventType "swiss"]
[EventRounds "10"]
[EventCountry "ESP"]
[SourceTitle "EXT 2016"]
[Source "ChessBase"]
[SourceDate "2015.10.08"]
[SourceVersion "1"]
[SourceVersionDate "2015.10.08"]
[SourceQuality "1"]

1. e4 c6 2. c4 d5 3. exd5 Nf6 4. Nc3 cxd5 5. d4 Nc6 6. Nf3 Bg4 7. cxd5 Nxd5 8. Qb3 Bxf3 9. gxf3 e6 10. Be3 Qb6 11. Bb5 Bb4 12. 0-0 Rd8 13. Nxd5 Rxd5 14. Bc4 Rh5 15. d5 Qc7 16. Rfd1 Qxh2+ 17. Kf1 exd5 18. Bxd5 Rxd5 19. Rxd5 0-0 20. Rad1 Re8 21. a3 Ba5 22. Qxb7 Ne5 23. Rxa5 Nc4 24. Rxa7 Nxe3+ 25. fxe3 Qh1+ 26. Ke2 Qg2+ 27. Kd3 Qg6+ 28. e4 h5 29. Ra8 Rxa8 30. Qxa8+ Kh7 31. Qd5 Qg2 32. Qxh5+ Kg8 33. Ke3 1-0

[Event "Barcelona Sants op 17th"]
[Site "Barcelona"]
[Date "2015.08.29"]
[Round "9"]
[White "Vidal, Llewellyn"]
[Black "Wegerle, Joerg"]
[Result "0-1"]
[WhiteElo "2117"]
[BlackElo "2430"]
[PlyCount "80"]
[EventDate "2015.08.21"]
[EventType "swiss"]
[EventRounds "10"]
[EventCountry "ESP"]
[SourceTitle "EXT 2016"]
[Source "ChessBase"]
[SourceDate "2015.10.08"]
[SourceVersion "1"]
[SourceVersionDate "2015.10.08"]
[SourceQuality "1"]

1. c4 Nf6 2. Nc3 e6 3. Nf3 Bb4 4. Qb3 Nc6 5. a3 Be7 6. d4 d5 7. Bg5 0-0 8. cxd5 Nxd5 9. Bxe7 Ncxe7 10. e3 b6 11. Be2 Bb7 12. 0-0 Ng6 13. Rac1 Qe7 14. Nxd5 exd5 15. Qb4 c6 16. Qxe7 Nxe7 17. Rc2 f6 18. Rfc1 Bc8 19. Bd3 a5 20. Rc3 Bd7 21. h3 Rfe8 22. Bc2 Kf7 23. Ne1 Rec8 24. Ba4 Ke6 25. f3 Kd6 26. e4 Be8 27. Nd3 Bg6 28. e5+ Kd7 29. Nf4 fxe5 30. dxe5 Bf7 31. Ne2 b5 32. Bb3 a4 33. Ba2 Rab8 34. Nd4 b4 35. Re3 Bg6 36. b3 c5 37. Nc2 d4 38. Re2 Nd5 39. Rd2 Nc3 40. axb4 Nxa2 0-1

[Event "Montpellier op 21st"]
[Site "Montpellier"]
[Date "2015.07.07"]
[Round "3"]
[White "Vidal, Llewellyn"]
[Black "Buscara, Sevan"]
[Result "1-0"]
[WhiteElo "2080"]
[BlackElo "2366"]
[PlyCount "99"]
[EventDate "2015.07.05"]
[EventType "swiss"]
[EventRounds "9"]
[EventCountry "FRA"]
[SourceTitle "EXT 2016"]
[Source "ChessBase"]
[SourceDate "2015.10.08"]
[SourceVersion "1"]
[SourceVersionDate "2015.10.08"]
[SourceQuality "1"]

1. c4 g6 2. Nc3 Bg7 3. g3 e5 4. Bg2 Ne7 5. d3 d6 6. Nf3 0-0 7. 0-0 f5 8. Rb1 Nd7 9. Qc2 h6 10. b4 c6 11. b5 c5 12. a4 Nf6 13. Nd2 g5 14. b6 a6 15. Nd5 Nexd5 16. cxd5 f4 17. Nc4 h5 18. e3 Ng4 19. Be4 Qf6 20. f3 fxg3 21. hxg3 Nh6 22. Qh2 h4 23. Bb2 Bd7 24. gxh4 gxh4 25. f4 Ng4 26. Qe2 Qe7 27. fxe5 Nxe5 28. Qh5 Bf6 29. Kh1 Bg4 30. Rg1 Qg7 31. Rxg4 Nxg4 32. Rg1 Nf2+ 33. Kh2 Qg3+ 34. Rxg3+ hxg3+ 35. Kg2 Nxe4 36. Qg6+ Kh8 37. Bxf6+ Rxf6 38. Qxe4 Rf2+ 39. Kxg3 Rf7 40. Qh4+ Rh7 41. Qf6+ Kg8 42. Qe6+ Kh8 43. Nxd6 Rg7+ 44. Kf4 Rf8+ 45. Nf5 Rg1 46. Ke5 c4 47. dxc4 a5 48. c5 Rg4 49. Qh6+ Kg8 50. Ne7+ 1-0

[Event "Avoine op 29th"]
[Site "Avoine"]
[Date "2014.07.24"]
[Round "6"]
[White "Godart, Francois"]
[Black "Vidal, Llewellyn"]
[Result "1-0"]
[WhiteElo "2399"]
[BlackElo "2102"]
[PlyCount "52"]
[EventDate "2014.07.19"]
[EventType "swiss"]
[EventRounds "9"]
[EventCountry "FRA"]
[SourceTitle "CBM 161 Extra"]
[Source "ChessBase"]
[SourceDate "2014.08.29"]
[SourceVersion "1"]
[SourceVersionDate "2014.08.29"]
[SourceQuality "1"]

1. d4 Nf6 2. c4 e6 3. Nf3 b6 4. a3 Bb7 5. Nc3 Be7 6. d5 0-0 7. e4 Ne8 8. Bd3 c6 9. 0-0 Na6 10. Bc2 Nac7 11. Qd3 f5 12. exf5 exd5 13. Re1 dxc4 14. Qxc4+ d5 15. Qe2 Bf6 16. Ne5 Nd6 17. Bf4 Ncb5 18. Nxb5 Nxb5 19. Rad1 Nd6 20. Nxc6 Bxc6 21. Qe6+ Nf7 22. Qxc6 Rc8 23. Qa4 Bxb2 24. Bb3 d4 25. Be5 Kh8 26. Bxf7 Rxf7 1-0

[Event "Avoine op 29th"]
[Site "Avoine"]
[Date "2014.07.20"]
[Round "2"]
[White "Lukasiewicz, Grzegorz"]
[Black "Vidal, Llewellyn"]
[Result "1-0"]
[WhiteElo "2265"]
[BlackElo "2102"]
[PlyCount "102"]
[EventDate "2014.07.19"]
[EventType "swiss"]
[EventRounds "9"]
[EventCountry "FRA"]
[SourceTitle "CBM 161 Extra"]
[Source "ChessBase"]
[SourceDate "2014.08.29"]
[SourceVersion "1"]
[SourceVersionDate "2014.08.29"]
[SourceQuality "1"]

1. d4 Nf6 2. Nf3 c5 3. e3 e6 4. Bd3 Nc6 5. b3 cxd4 6. exd4 d5 7. a3 Be7 8. Nbd2 0-0 9. 0-0 b6 10. Bb2 a5 11. Re1 Ba6 12. c4 Qd7 13. Rc1 Qb7 14. Qe2 dxc4 15. bxc4 Rad8 16. h4 Rfe8 17. Ne4 Nb8 18. Neg5 Bf8 19. Ne5 Re7 20. Ng4 Nbd7 21. h5 h6 22. Nxf6+ Nxf6 23. Ne4 Nxe4 24. Bxe4 Qd7 25. Bb1 Ree8 26. Qd3 f5 27. Qb3 Qd6 28. c5 bxc5 29. dxc5 Qd5 30. Qxd5 Rxd5 31. Ba2 Rxc5 32. Rxe6 Rxc1+ 33. Bxc1 Rxe6 34. Bxe6+ Kh8 35. Bxf5 Bc4 36. g4 Kg8 37. Kg2 Kf7 38. Bb2 Be7 39. f4 Bf6 40. Be5 Bxe5 41. fxe5 Bb3 42. Kf2 Ke7 43. Ke2 Kd8 44. Kd2 Kc7 45. Kc3 Ba2 46. Kd4 Kc6 47. Be4+ Kb6 48. Bd5 Bb1 49. e6 Kc7 50. Be4 Ba2 51. Ke5 Bb3 1-0

[Event "Montreal op"]
[Site "Montreal"]
[Date "2013.09.07"]
[Round "3"]
[White "Vidal, Llewellyn"]
[Black "Poulin, Mathieu"]
[Result "1/2-1/2"]
[WhiteElo "2102"]
[BlackElo "2080"]
[PlyCount "89"]
[EventDate "2013.09.06"]
[EventType "swiss"]
[EventRounds "5"]
[EventCountry "CAN"]
[SourceTitle "EXT 2022"]
[Source "ChessBase"]
[SourceDate "2021.10.06"]
[SourceVersion "1"]
[SourceVersionDate "2021.10.06"]
[SourceQuality "1"]

1. Nf3 d5 2. g3 c5 3. Bg2 Nc6 4. d4 cxd4 5. Nxd4 e6 6. 0-0 Bc5 7. Nxc6 bxc6 8. c4 Ne7 9. Qa4 0-0 10. Nc3 Rb8 11. a3 a5 12. Bf4 Rxb2 13. Rab1 Rxb1 14. Rxb1 Bd4 15. Qc2 e5 16. Bg5 f6 17. Bd2 Ba6 18. cxd5 cxd5 19. Nxd5 Nxd5 20. Qb3 Bxe2 21. Qxd5+ Qxd5 22. Bxd5+ Kh8 23. Bxa5 g6 24. Rc1 Bd3 25. Bb4 Rd8 26. Be6 e4 27. Rc8 Rxc8 28. Bxc8 Bb5 29. Bd2 Kg7 30. Bh3 Bc5 31. Bc1 Kf7 32. Bf1 Bd3 33. a4 Bb4 34. Be3 Bc2 35. Bb5 Ba5 36. Kf1 Bd1 37. h3 Ke6 38. g4 Ke5 39. Kg2 g5 40. Kg3 h5 41. gxh5 Bxh5 42. Bc1 Bd1 43. Bb2+ Kf5 44. Bd7+ Kg6 45. h4 1/2-1/2

[Event "Montpellier op 19th"]
[Site "Montpellier"]
[Date "2013.07.07"]
[Round "1"]
[White "Vidal, Llewellyn"]
[Black "Kurayan, Ruslan"]
[Result "1/2-1/2"]
[WhiteElo "2081"]
[BlackElo "2413"]
[PlyCount "89"]
[EventDate "2013.07.05"]
[EventType "swiss"]
[EventRounds "9"]
[EventCountry "FRA"]
[SourceTitle "EXT 2014"]
[Source "ChessBase"]
[SourceDate "2013.11.20"]
[SourceVersion "1"]
[SourceVersionDate "2013.11.20"]
[SourceQuality "1"]

1. Nf3 Nf6 2. g3 g6 3. Bg2 Bg7 4. 0-0 0-0 5. c4 d6 6. Nc3 Nc6 7. Rb1 a5 8. a3 e5 9. d3 Bf5 10. b4 axb4 11. axb4 Qd7 12. Re1 e4 13. b5 Nd8 14. Nh4 exd3 15. exd3 Bg4 16. Qc2 Rb8 17. Nd1 Bh3 18. Bh1 Ne6 19. Bb2 c5 20. Ne3 Ng4 21. Bxg7 Kxg7 22. Qc3+ f6 23. Nd5 g5 24. Nf3 Ne5 25. d4 Nxf3+ 26. Bxf3 cxd4 27. Qd3 Qf7 28. Qe2 Kh8 29. Bh5 Qg8 30. g4 Nf4 31. Nxf4 gxf4 32. Rb3 Bxg4 33. Qxg4 Qxg4+ 34. Bxg4 Rg8 35. h3 f5 36. f3 fxg4 37. hxg4 Rge8 38. Rxe8+ Rxe8 39. Rd3 Re3 40. Rxd4 Rxf3 41. Rxd6 Rc3 42. Rd4 f3 43. b6 Kg7 44. Rd7+ Kf6 45. Rxb7 1/2-1/2

[Event "Rohde op 12th"]
[Site "Sautron"]
[Date "2012.11.??"]
[Round "3"]
[White "Ulybin, Mikhail"]
[Black "Vidal, Llewellyn"]
[Result "1/2-1/2"]
[WhiteElo "2529"]
[BlackElo "2043"]
[PlyCount "75"]
[EventDate "2012.10.27"]
[EventType "swiss"]
[EventRounds "9"]
[EventCountry "FRA"]
[SourceTitle "EXT 2014"]
[Source "ChessBase"]
[SourceDate "2013.11.20"]
[SourceVersion "1"]
[SourceVersionDate "2013.11.20"]
[SourceQuality "1"]

1. d4 f5 2. g3 Nf6 3. Bg2 e6 4. Nf3 d5 5. 0-0 Bd6 6. c4 c6 7. Bf4 Bxf4 8. gxf4 0-0 9. e3 Qe7 10. Nc3 Nbd7 11. Rc1 Kh8 12. Kh1 Ne4 13. Qc2 Rg8 14. a3 Nd6 15. cxd5 exd5 16. Ne2 Nf6 17. Ne5 Be6 18. f3 g5 19. fxg5 Rxg5 20. Nf4 Rag8 21. Qf2 Nh5 22. Ned3 Bc8 23. a4 Nxf4 24. Nxf4 Nc4 25. Rc3 Qb4 26. Qc2 Re8 27. e4 Nb6 28. a5 Qxa5 29. exd5 Nxd5 30. Rc5 Qa6 31. Qc1 Nxf4 32. Qxf4 Rxg2 33. Kxg2 Qe2+ 34. Rf2 Rg8+ 35. Kh3 Qxf2 36. Qe5+ Rg7 37. Qe8+ Rg8 38. Qe5+ 1/2-1/2

[Event "FRA-ch U20"]
[Site "Montlucon"]
[Date "2011.04.17"]
[Round "1"]
[White "Vidal, Llewellyn"]
[Black "Stephan, Victor"]
[Result "0-1"]
[WhiteElo "1990"]
[BlackElo "2278"]
[PlyCount "89"]
[EventDate "2011.04.17"]
[EventType "swiss"]
[EventRounds "9"]
[EventCountry "FRA"]
[SourceTitle "CBM 142 Extra"]
[Source "ChessBase"]
[SourceDate "2011.06.27"]
[SourceVersion "1"]
[SourceVersionDate "2011.06.27"]
[SourceQuality "1"]

1. f4 d5 2. e3 Nf6 3. Nf3 g6 4. d4 Bg7 5. Bd3 0-0 6. 0-0 c5 7. c3 b6 8. Qe2 Bb7 9. b3 a5 10. a4 Ne4 11. Bb2 Nd7 12. Na3 Ndf6 13. c4 e6 14. Rfd1 Qe7 15. Nb5 Rfd8 16. Rac1 Ne8 17. Qc2 Rac8 18. Bxe4 dxe4 19. Ng5 cxd4 20. Ba3 Qf6 21. Nxe4 Qf5 22. Nbd6 Bxe4 23. Nxf5 Bxc2 24. Ne7+ Kh8 25. Rxc2 dxe3 26. Rcc1 e2 27. Rxd8 Rxd8 28. Kf2 Rd2 29. Re1 Bd4+ 30. Kf3 Nf6 31. Nc6 Rd3+ 32. Kxe2 Re3+ 33. Kf1 Rxb3 34. Be7 Bc3 35. Ne5 Kg7 36. Rd1 Bxe5 37. fxe5 Ng4 38. Re1 f6 39. exf6+ Kf7 40. c5 bxc5 41. Rc1 c4 42. Ke2 Re3+ 43. Kd1 c3 44. Rc2 Nxf6 45. Bd8 0-1

[Event "Chamalieres op"]
[Site "Chamalieres"]
[Date "2009.10.28"]
[Round "6"]
[White "Vidal, Llewellyn"]
[Black "Etchegaray, Patrice"]
[Result "0-1"]
[WhiteElo "2005"]
[BlackElo "2380"]
[PlyCount "80"]
[EventDate "2009.10.24"]
[EventType "swiss"]
[EventRounds "9"]
[EventCountry "FRA"]
[SourceTitle "EXT 2010"]
[Source "ChessBase"]
[SourceDate "2010.11.25"]
[SourceVersion "1"]
[SourceVersionDate "2010.11.25"]
[SourceQuality "1"]

1. f4 d5 2. e3 g6 3. Nf3 Bg7 4. d4 Nh6 5. Bd3 0-0 6. 0-0 c5 7. c3 Qc7 8. Kh1 b6 9. Qe2 Bf5 10. Ne5 f6 11. Bxf5 Nxf5 12. Nf3 Nd6 13. Nbd2 Qb7 14. b3 Nd7 15. Bb2 Rae8 16. c4 e6 17. Rac1 Ne4 18. Rfd1 Rf7 19. Kg1 Bh6 20. Nxe4 dxe4 21. Nd2 cxd4 22. Bxd4 e5 23. fxe5 fxe5 24. Ba1 Nc5 25. Rf1 Rd7 26. Rfd1 Rd3 27. Nf1 a5 28. Bb2 Qd7 29. Ba3 Rd8 30. Re1 Bf8 31. Bb2 Qe6 32. Rc2 Na6 33. Bc3 h6 34. Ng3 Rxe3 35. Qf2 Rxe1+ 36. Qxe1 e3 37. Ne4 Qf5 38. Qxe3 Rd1+ 39. Be1 Nc5 40. Re2 Nxe4 0-1